7 vs. Wild Staffel 1 Wer sagt was? - Statistiken

Allgemein
  • Dieses Quiz wurde 61 mal gespielt
  • Das Durchschnittsergebnis liegt bei 3 aus 9
Antwortstatistiken
Hint Antwort % Korrekt
Hyped Bock Angriff Fabio
57%
Es tut mir so Leid für alle die ich jetzt enttäusche Niklas
45%
Absolute Stile, absolut krass Bommel
43%
Mir ist echt kalt es ist unfassbar Fabio
43%
Ich bin nicht für diese Situation gedacht ohne Scheiß Mattin
42%
Es ist kalt nass und hart Chris
38%
Ich merke auf jeden Fall dass es nicht so einfach ist wie gedacht Dave
38%
Ich habe mich noch nie so gefühlt wie gerade eben Fabio
23%
Und ich hatte noch nie solche Schwierigkeiten Chris
15%
Keine übereinstimmenden Quizze gefunden
Verteilung der Resultate
Anzahl Personen mit jedem Resultat
Perzentil nach korrekt beantworteten Fragen
Ihre Resultats-Entwicklung
Sie haben dieses Quiz noch nicht gespielt